Turkey : Second Review Under the Stand-By Arrangement-Staff Report; Staff Statement; News Brief on the Executive Board Discussion; and Statement by the Authorities of Turkey.

This paper evaluates Turkey's Second Review Under the Stand-By Arrangement (SBA). Since the completion of the Article IV Consultation and the first review in April 2002, macroeconomic policies have remained in line with the program. All quantitative performance criteria for end-March and end-Ap...

Full description

Bibliographic Details
Corporate Author: International Monetary Fund
Format: Journal
Language:English
Published: Washington, D.C. : International Monetary Fund, 2002.
Series:IMF Staff Country Reports; Country Report ; No. 2002/229
Online Access:Full text available on IMF
LEADER 01714cas a2200241 a 4500
001 AALejournalIMF008331
008 230101c9999 xx r poo 0 0eng d
020 |c 5.00 USD 
020 |z 9781451838121 
022 |a 1934-7685 
040 |a BD-DhAAL  |c BD-DhAAL 
110 2 |a International Monetary Fund. 
245 1 0 |a Turkey :   |b Second Review Under the Stand-By Arrangement-Staff Report; Staff Statement; News Brief on the Executive Board Discussion; and Statement by the Authorities of Turkey. 
264 1 |a Washington, D.C. :  |b International Monetary Fund,  |c 2002. 
300 |a 1 online resource (95 pages) 
490 1 |a IMF Staff Country Reports 
500 |a <strong>Off-Campus Access:</strong> No User ID or Password Required 
500 |a <strong>On-Campus Access:</strong> No User ID or Password Required 
506 |a Electronic access restricted to authorized BRAC University faculty, staff and students 
520 3 |a This paper evaluates Turkey's Second Review Under the Stand-By Arrangement (SBA). Since the completion of the Article IV Consultation and the first review in April 2002, macroeconomic policies have remained in line with the program. All quantitative performance criteria for end-March and end-April have been met. In light of continued strong program implementation, the IMF staff recommends the completion of the second review. Strict implementation has already produced tangible economic gains, and the authorities are determined to stay the course. 
538 |a Mode of access: Internet 
830 0 |a IMF Staff Country Reports; Country Report ;  |v No. 2002/229 
856 4 0 |z Full text available on IMF  |u http://elibrary.imf.org/view/journals/002/2002/229/002.2002.issue-229-en.xml  |z IMF e-Library